000 00812nam a22001817a 4500
003 UA-OsUOA
001 11026
007 ta
008 20050217b un ||||| |||| 00| 0 ukr d
100 _aКохан В.
942 _cSA
040 _aUA-OsUOA
_cUA-OsUOA
_dUA-OsUOA
245 _aДиплом із Мюнхена
_b[Диплом д-ра філос., присудж. Укр. Вільним Ун-том, що у Мюнхені (Німеччина), отримав член Нац. Спілки письм. України, відомий літературознавець і публіцист Сергій Козак, уродженець Костополя]
300 _aС.1
955 _a0
773 0 _w0
_tВісті Рівненщини
_dРівне
_d2005
_g№13/16 лют./
650 7 _aКозак С.
_2UDC
999 _c297187
_d297187